[Event "PRO League Stage"]
[Site "Chess.com INT"]
[Date "2020.01.20"]
[Round "3"]
[White "Wojtaszek, Radoslaw"]
[Black "Ducarmon, Quinten"]
[Result "1-0"]
[WhiteElo "2725"]
[BlackElo "2486"]
[PlyCount "67"]
[EventDate "2020.01.06"]
[EventType "team-swiss (rapid)"]
[EventRounds "7"]
[EventCountry "USA"]
[SourceTitle "CBM 194 Extra"]
[Source "ChessBase"]
[SourceDate "2020.03.31"]
[SourceVersion "1"]
[SourceVersionDate "2020.03.31"]
[SourceQuality "1"]
[WhiteTeam "Poland Hussars"]
[BlackTeam "Netherlands Mosquitoes"]
[WhiteTeamCountry "POL"]
[BlackTeamCountry "NED"]

1. Nf3 d5 2. e3 c6 3. c4 Nf6 4. Nc3 g6 5. d4 Bg7 6. Be2 0-0 7. 0-0 a6 8. a4 a5 9. cxd5 Nxd5 10. e4 Nb4 11. h3 Nd7 12. Bf4 Nf6 13. Qd2 Be6 14. Bh6 Qb6 15. Bxg7 Kxg7 16. Rac1 Rad8 17. Qe3 Rd7 18. Rfd1 Rfd8 19. Rd2 Na2 20. Ra1 Nb4 21. Bf1 Ne8 22. Rad1 f6 23. Ne2 Nd6 24. Nf4 Bg8 25. b3 e5 26. dxe5 Qxe3 27. fxe3 fxe5 28. Nxe5 Re7 29. Nf3 Red7 30. e5 Bxb3 31. Rb1 Bc2 32. Ne6+ Kh6 33. Nxd8 Bxb1 34. Rxd6 1-0

[Event "PRO League Stage"]
[Site "Chess.com INT"]
[Date "2020.01.08"]
[Round "1"]
[White "Ducarmon, Quinten"]
[Black "Moiseenko, Alexander"]
[Result "1/2-1/2"]
[WhiteElo "2486"]
[BlackElo "2620"]
[PlyCount "139"]
[EventDate "2020.01.06"]
[EventType "team-swiss (rapid)"]
[EventRounds "7"]
[EventCountry "USA"]
[SourceTitle "CBM 194 Extra"]
[Source "ChessBase"]
[SourceDate "2020.03.31"]
[SourceVersion "1"]
[SourceVersionDate "2020.03.31"]
[SourceQuality "1"]
[WhiteTeam "Netherlands Mosquitoes"]
[BlackTeam "Italy Gladiators"]
[WhiteTeamCountry "NED"]
[BlackTeamCountry "ITA"]

1. e4 c5 2. Nf3 Nc6 3. Bb5 d6 4. 0-0 Bd7 5. Re1 Nf6 6. c3 a6 7. Bf1 Bg4 8. h3 Bxf3 9. Qxf3 e6 10. d3 Be7 11. Qd1 0-0 12. Nd2 d5 13. exd5 exd5 14. Nf3 h6 15. g3 Re8 16. Bg2 Bd6 17. Bd2 Qd7 18. Rxe8+ Rxe8 19. Qf1 b5 20. Re1 c4 21. Rxe8+ Qxe8 22. Nh4 Ne5 23. Nf5 Bf8 24. dxc4 bxc4 25. Qe2 Bc5 26. b3 Kf8 27. Be3 Bxe3 28. Qxe3 Nd3 29. Qxe8+ Kxe8 30. Nxg7+ Kd7 31. bxc4 dxc4 32. Nf5 Nc1 33. Bf1 Nxa2 34. Bxc4 Nxc3 35. Bxa6 h5 36. Kg2 Ke6 37. Ng7+ Ke5 38. Bc4 Ncd5 39. Kf3 h4 40. gxh4 Ne7 41. Bxf7 Nf5 42. Nxf5 Kxf5 43. Bb3 Nd7 44. Bc2+ Kf6 45. Kf4 Nc5 46. Bf5 Nb3 47. h5 Nd4 48. Bd3 Ne6+ 49. Kg4 Kg7 50. Kf5 Nd4+ 51. Kg5 Ne6+ 52. Kg4 Kh6 53. h4 Kg7 54. Bf5 Nd4 55. Be4 Kh6 56. Bd5 Ne2 57. Bf7 Nd4 58. Kf4 Nc6 59. Ke4 Ne7 60. Ke5 Kg7 61. Be8 Ng8 62. Ke6 Nh6 63. Ke7 Nf5+ 64. Ke6 Nxh4 65. f4 Kh6 66. Kf6 Ng2 67. f5 Nh4 68. Ke5 Nxf5 69. Kxf5 Kg7 70. Kg5 1/2-1/2

[Event "PRO League Stage"]
[Site "Chess.com INT"]
[Date "2019.03.06"]
[Round "9"]
[White "Ducarmon, Quinten"]
[Black "Mekhitarian, Krikor Sevag"]
[Result "1-0"]
[WhiteElo "2479"]
[BlackElo "2536"]
[PlyCount "115"]
[EventDate "2019.01.08"]
[EventType "team-swiss (rapid)"]
[EventRounds "10"]
[EventCountry "USA"]
[SourceTitle "CBM 189 Extra"]
[Source "ChessBase"]
[SourceDate "2019.05.31"]
[SourceVersion "1"]
[SourceVersionDate "2019.05.31"]
[SourceQuality "1"]
[WhiteTeam "Amsterdam Mosquitoes"]
[BlackTeam "Cannes Blitzstreams"]
[WhiteTeamCountry "NED"]
[BlackTeamCountry "FRA"]

1. e4 e5 2. Nf3 Nc6 3. Bb5 Nf6 4. d3 Bc5 5. Bxc6 dxc6 6. Nbd2 0-0 7. Nc4 Nd7 8. 0-0 Re8 9. Be3 Bf8 10. Nfd2 Nc5 11. f4 exf4 12. Rxf4 f5 13. Kh1 g6 14. Qg1 Ne6 15. Rf3 f4 16. Bxf4 Nd4 17. Rg3 Ne2 18. Qe3 Nxg3+ 19. Qxg3 Be6 20. Bxc7 Qd7 21. Rf1 Bg7 22. Bd6 b6 23. e5 Bd5 24. Ne3 Rad8 25. c4 Be6 26. d4 Qb7 27. Ne4 Kh8 28. h3 Bg8 29. b3 Rd7 30. Ng4 Rf7 31. Ngf6 Qc8 32. Ng5 Rff8 33. Rf3 Rd8 34. Bxf8 Rxf8 35. Nxg8 Kxg8 36. Qg4 Qxg4 37. Rxf8+ Kxf8 38. hxg4 Ke7 39. Nf3 Ke6 40. Kg1 Bh6 41. Kf2 Bc1 42. Ke2 h5 43. gxh5 gxh5 44. Nh4 Bg5 45. g3 c5 46. d5+ Kxe5 47. Nf3+ Kf5 48. Nxg5 Kxg5 49. Ke3 Kf5 50. Kf3 Ke5 51. g4 hxg4+ 52. Kxg4 b5 53. Kg5 a5 54. a4 bxa4 55. bxa4 Kd6 56. Kf6 Kd7 57. Ke5 Kc7 58. d6+ 1-0

[Event "PRO League Stage"]
[Site "Chess.com INT"]
[Date "2019.02.27"]
[Round "8"]
[White "Mons, Leon"]
[Black "Ducarmon, Quinten"]
[Result "1/2-1/2"]
[WhiteElo "2544"]
[BlackElo "2479"]
[PlyCount "93"]
[EventDate "2019.01.08"]
[EventType "team-swiss (rapid)"]
[EventRounds "10"]
[EventCountry "USA"]
[SourceTitle "CBM 189 Extra"]
[Source "ChessBase"]
[SourceDate "2019.05.31"]
[SourceVersion "1"]
[SourceVersionDate "2019.05.31"]
[SourceQuality "1"]
[WhiteTeam "Berlin Bears"]
[BlackTeam "Amsterdam Mosquitoes"]
[WhiteTeamCountry "GER"]
[BlackTeamCountry "NED"]

1. Nf3 d5 2. e3 Nf6 3. c4 c6 4. Nc3 g6 5. d4 Bg7 6. Be2 0-0 7. 0-0 a6 8. a4 a5 9. cxd5 Nxd5 10. e4 Nb4 11. Be3 Bg4 12. Qd2 Nd7 13. Rfd1 Rc8 14. Rac1 Qc7 15. h3 Bxf3 16. Bxf3 Qb8 17. Bh6 Rcd8 18. Qg5 e5 19. d5 Nc5 20. Be2 Nb3 21. Rb1 Nd4 22. Bc4 b5 23. Bf1 cxd5 24. axb5 Ne6 25. Qh4 Bxh6 26. Qxh6 d4 27. Nd5 Nxd5 28. exd5 Nf4 29. Rbc1 Rxd5 30. Bc4 Rd6 31. g3 Nd5 32. Qg5 Re8 33. Re1 Rdd8 34. Re4 Kg7 35. Rh4 Nf6 36. Qh6+ Kg8 37. g4 Rd6 38. g5 Nh5 39. Rxh5 gxh5 40. Bxf7+ Kxf7 41. Rc7+ Qxc7 42. Qxh7+ Ke6 43. Qxc7 d3 44. Qc4+ Ke7 45. Qc7+ Ke6 46. Qc4+ Ke7 47. Qc7+ 1/2-1/2

[Event "PRO League Stage"]
[Site "Chess.com INT"]
[Date "2019.01.22"]
[Round "3"]
[White "Ducarmon, Quinten"]
[Black "Fridman, Daniel"]
[Result "1-0"]
[WhiteElo "2479"]
[BlackElo "2631"]
[PlyCount "121"]
[EventDate "2019.01.08"]
[EventType "team-swiss (rapid)"]
[EventRounds "10"]
[EventCountry "USA"]
[SourceTitle "CBM 188 Extra"]
[Source "ChessBase"]
[SourceDate "2019.02.28"]
[SourceVersion "1"]
[SourceVersionDate "2019.02.28"]
[SourceQuality "1"]
[WhiteTeam "Amsterdam Mosquitoes"]
[BlackTeam "Baden Baden Snowballs"]
[WhiteTeamCountry "NED"]
[BlackTeamCountry "GER"]

1. e4 e5 2. Nf3 Nf6 3. Nxe5 d6 4. Nf3 Nxe4 5. d4 d5 6. Bd3 Nc6 7. 0-0 Bg4 8. Re1 Be7 9. c3 f5 10. Nbd2 0-0 11. Nf1 Bd6 12. Qb3 Kh8 13. Qxb7 Qf6 14. Ng3 Rab8 15. Qxc6 Bxg3 16. Qxf6 Bxf2+ 17. Kf1 Rxf6 18. Re2 Bxf3 19. gxf3 Bh4 20. Bf4 Rf7 21. Kg2 Rb6 22. Rf1 Nf6 23. Be5 Ng8 24. Bf4 Nf6 25. Kh3 g5 26. Be5 Kg8 27. Bxf5 Nh5 28. Bg4 Ng7 29. f4 h5 30. Bf3 g4+ 31. Bxg4 hxg4+ 32. Kxh4 Nf5+ 33. Kxg4 Rg6+ 34. Kf3 Rh7 35. Ref2 Rh3+ 36. Ke2 c6 37. Kd2 Kf7 38. Re2 Rg4 39. Rff2 Rg1 40. Rg2 Rxg2 41. Rxg2 Ne3 42. Rg7+ Ke6 43. Rxa7 Nc4+ 44. Kc1 Kf5 45. b3 Rxc3+ 46. Kd1 Rd3+ 47. Kc2 Nxe5 48. dxe5 Rh3 49. Rf7+ Ke4 50. e6 Rxh2+ 51. Kc3 d4+ 52. Kb4 Kd5 53. f5 c5+ 54. Kb5 Rxa2 55. e7 Re2 56. f6 d3 57. Rf8 Kd4 58. e8Q Rxe8 59. Rxe8 d2 60. Rd8+ Kc3 61. Kxc5 1-0

[Event "PRO League Stage"]
[Site "Chess.com INT"]
[Date "2018.02.24"]
[Round "7"]
[White "Izoria, Zviad"]
[Black "Ducarmon, Quinten"]
[Result "1-0"]
[WhiteElo "2599"]
[BlackElo "2472"]
[PlyCount "53"]
[EventDate "2018.01.18"]
[EventType "team-swiss (rapid)"]
[EventRounds "9"]
[EventCountry "USA"]
[SourceTitle "EXT 2019"]
[Source "ChessBase"]
[SourceDate "2018.10.10"]
[SourceVersion "1"]
[SourceVersionDate "2018.10.10"]
[SourceQuality "1"]
[WhiteTeam "San Jose Hackers"]
[BlackTeam "Amsterdam Mosquitos"]
[WhiteTeamCountry "USA"]
[BlackTeamCountry "NED"]

1. Nf3 d5 2. g3 c6 3. Bg2 Nf6 4. 0-0 Bf5 5. d3 e6 6. Nh4 Bg4 7. h3 Bh5 8. f4 Bc5+ 9. Kh1 Nfd7 10. Qe1 Be7 11. Nf3 f6 12. e4 0-0 13. Nc3 Re8 14. g4 Bf7 15. e5 c5 16. Nxd5 exd5 17. e6 Bg6 18. exd7 Qxd7 19. f5 Bf7 20. Qg3 Bd6 21. Bf4 Bxf4 22. Qxf4 Nc6 23. g5 Re2 24. gxf6 gxf6 25. Rg1 Kh8 26. Bf1 Rf2 27. Qg3 1-0

[Event "NED-chT 1718"]
[Site "Netherlands"]
[Date "2018.02.03"]
[Round "6.6"]
[White "Kuipers, Stefan"]
[Black "Ducarmon, Quinten"]
[Result "1/2-1/2"]
[WhiteElo "2403"]
[BlackElo "2473"]
[PlyCount "97"]
[EventDate "2017.09.16"]
[EventType "team-tourn"]
[EventRounds "9"]
[EventCountry "NED"]
[SourceTitle "EXT 2019"]
[Source "ChessBase"]
[SourceDate "2018.10.10"]
[SourceVersion "1"]
[SourceVersionDate "2018.10.10"]
[SourceQuality "1"]
[WhiteTeam "Apeldoorn"]
[BlackTeam "Kennemer Combinatie"]
[WhiteTeamCountry "NED"]
[BlackTeamCountry "NED"]

1. e4 c6 2. d4 d5 3. exd5 cxd5 4. Bd3 Nc6 5. c3 Qc7 6. Ne2 Bg4 7. 0-0 e6 8. Qe1 Bxe2 9. Qxe2 Bd6 10. g3 h5 11. Bg5 Nge7 12. Bxe7 Qxe7 13. Nd2 h4 14. Nf3 hxg3 15. hxg3 0-0-0 16. Bb5 Qf6 17. Kg2 Ne7 18. Rh1 Nf5 19. Bd3 Qg6 20. Nh4 Nxh4+ 21. Rxh4 Qf6 22. Rah1 g6 23. Rxh8 Rxh8 24. Rxh8+ Qxh8 25. Qf3 Qf8 26. b3 f5 27. c4 Qf7 28. cxd5 exd5 29. g4 f4 30. Be2 a6 31. Qc3+ Kb8 32. Bf3 g5 33. Qa5 Bc7 34. Qc5 Qe6 35. Qf8+ Ka7 36. Qf5 Qxf5 37. gxf5 Bb6 38. Kh3 Bxd4 39. Kg4 Bxf2 40. f6 Bc5 41. Bxd5 b5 42. Kxg5 Bd6 43. Kf5 Kb6 44. Ke6 Bf8 45. Kf7 Bd6 46. Ke6 Bf8 47. Ke5 Kc5 48. Bb7 Bd6+ 49. Ke4 1/2-1/2

[Event "PRO League Stage"]
[Site "Chess.com INT"]
[Date "2018.01.25"]
[Round "2"]
[White "Ducarmon, Quinten"]
[Black "Adair, James R"]
[Result "1-0"]
[WhiteElo "2472"]
[BlackElo "2480"]
[PlyCount "99"]
[EventDate "2018.01.18"]
[EventType "team-swiss (rapid)"]
[EventRounds "9"]
[EventCountry "USA"]
[SourceTitle "CBM 182 Extra"]
[Source "ChessBase"]
[SourceDate "2018.02.23"]
[SourceVersion "1"]
[SourceVersionDate "2018.02.23"]
[SourceQuality "1"]
[WhiteTeam "Amsterdam Mosquitos"]
[BlackTeam "London Lions"]
[WhiteTeamCountry "NED"]
[BlackTeamCountry "ENG"]

1. e4 e6 2. d4 d5 3. Nd2 c5 4. Ngf3 cxd4 5. Nxd4 Nf6 6. exd5 Qxd5 7. N2f3 Nc6 8. Nxc6 Qxc6 9. a4 Qc7 10. Bd3 Be7 11. 0-0 0-0 12. Re1 b6 13. b3 Nd5 14. Bb2 Nc3 15. Bxh7+ Kxh7 16. Qd3+ Kg8 17. Bxc3 Ba6 18. Qe3 Rfc8 19. Bd4 Qxc2 20. a5 bxa5 21. Rxa5 Bb7 22. Rh5 Qg6 23. Rh3 Bf6 24. Rg3 Bxd4 25. Qxd4 Qh6 26. Ng5 Bd5 27. Qf4 Qh5 28. Rh3 Qg6 29. Rg3 Qf5 30. Qd4 f6 31. Nf3 Kf7 32. h3 Rc2 33. Nh4 Qh5 34. Ng6 Re2 35. Rc1 Kg8 36. Rc7 Re1+ 37. Kh2 Qd1 38. Qxd1 Rxd1 39. Ne7+ Kf8 40. Nxd5 exd5 41. Rgxg7 d4 42. Rh7 Kg8 43. Rcg7+ Kf8 44. Rf7+ Kg8 45. Rfg7+ Kf8 46. Rd7 Kg8 47. h4 d3 48. Kg3 d2 49. h5 Re1 50. h6 1-0

[Event "PRO League Stage"]
[Site "Chess.com INT"]
[Date "2018.01.25"]
[Round "2"]
[White "Tan, Justin Hy"]
[Black "Ducarmon, Quinten"]
[Result "1/2-1/2"]
[WhiteElo "2466"]
[BlackElo "2472"]
[PlyCount "57"]
[EventDate "2018.01.18"]
[EventType "team-swiss (rapid)"]
[EventRounds "9"]
[EventCountry "USA"]
[SourceTitle "CBM 182 Extra"]
[Source "ChessBase"]
[SourceDate "2018.02.23"]
[SourceVersion "1"]
[SourceVersionDate "2018.02.23"]
[SourceQuality "1"]
[WhiteTeam "London Lions"]
[BlackTeam "Amsterdam Mosquitos"]
[WhiteTeamCountry "ENG"]
[BlackTeamCountry "NED"]

1. e4 c6 2. d4 d5 3. Nd2 dxe4 4. Nxe4 Bf5 5. Ng3 Bg6 6. Nh3 e6 7. Nf4 Bd6 8. h4 Qc7 9. Nxg6 hxg6 10. Ne4 Nf6 11. Nxd6+ Qxd6 12. c3 Nbd7 13. Bg5 Ne4 14. Be3 0-0-0 15. Qf3 Ndf6 16. 0-0-0 g5 17. g3 Qd5 18. hxg5 Rxh1 19. Qxh1 Qxa2 20. Bd3 Qa1+ 21. Kc2 Qa4+ 22. Kc1 Qa1+ 23. Bb1 Nxc3 24. bxc3 Qxc3+ 25. Bc2 Nd5 26. Qe1 Qa3+ 27. Kd2 Qc3+ 28. Kc1 Qa3+ 29. Kd2 1/2-1/2

[Event "PRO League Stage"]
[Site "Chess.com INT"]
[Date "2018.01.18"]
[Round "1"]
[White "Ducarmon, Quinten"]
[Black "Daulyte Cornette, Deimante"]
[Result "1-0"]
[WhiteElo "2472"]
[BlackElo "2439"]
[PlyCount "101"]
[EventDate "2018.01.18"]
[EventType "team-swiss (rapid)"]
[EventRounds "9"]
[EventCountry "USA"]
[SourceTitle "CBM 182 Extra"]
[Source "ChessBase"]
[SourceDate "2018.02.23"]
[SourceVersion "1"]
[SourceVersionDate "2018.02.23"]
[SourceQuality "1"]
[WhiteTeam "Amsterdam Mosquitos"]
[BlackTeam "Cannes Blockbusters"]
[WhiteTeamCountry "NED"]
[BlackTeamCountry "FRA"]

1. e4 Nf6 2. e5 Nd5 3. c4 Nb6 4. c5 Nd5 5. d4 d6 6. cxd6 exd6 7. Bc4 dxe5 8. dxe5 Be6 9. Nf3 Nc6 10. 0-0 Be7 11. Qe2 0-0 12. Rd1 Nf4 13. Bxf4 Bxc4 14. Qc2 Nb4 15. Qc1 Bd5 16. Nc3 c6 17. a3 Na6 18. Nxd5 cxd5 19. Qd2 Nc7 20. Be3 Qd7 21. Nd4 Rfd8 22. Rac1 Rac8 23. h3 a6 24. f4 Ne6 25. Qf2 Bc5 26. Kh2 Bxd4 27. Bxd4 Nxd4 28. Qxd4 Rc6 29. Rxc6 Qxc6 30. f5 Qc2 31. f6 Qf5 32. Rd3 g6 33. Rd2 h5 34. Re2 Qe6 35. Qf4 Kh7 36. g4 hxg4 37. hxg4 Rh8 38. Kg1 Kg8 39. Kg2 Rh4 40. Kg3 Rh1 41. Rh2 Rxh2 42. Kxh2 Kf8 43. Kg3 Ke8 44. Qd4 Kd7 45. Kh4 Qc6 46. Kg5 Ke6 47. Kh6 Qc4 48. Qb6+ Kxe5 49. Kg7 Qc6 50. Qe3+ Kd6 51. Qe7# 1-0

[Event "PRO League Stage"]
[Site "Chess.com INT"]
[Date "2018.01.18"]
[Round "1"]
[White "Ducarmon, Quinten"]
[Black "Lagarde, Maxime"]
[Result "0-1"]
[WhiteElo "2472"]
[BlackElo "2586"]
[PlyCount "80"]
[EventDate "2018.01.18"]
[EventType "team-swiss (rapid)"]
[EventRounds "9"]
[EventCountry "USA"]
[SourceTitle "CBM 182 Extra"]
[Source "ChessBase"]
[SourceDate "2018.02.23"]
[SourceVersion "1"]
[SourceVersionDate "2018.02.23"]
[SourceQuality "1"]
[WhiteTeam "Amsterdam Mosquitos"]
[BlackTeam "Cannes Blockbusters"]
[WhiteTeamCountry "NED"]
[BlackTeamCountry "FRA"]

1. e4 g6 2. d4 Bg7 3. Nc3 d6 4. Be3 a6 5. Nf3 Nd7 6. Qd2 b5 7. Bd3 Bb7 8. a4 b4 9. Ne2 Ngf6 10. e5 Ng4 11. e6 fxe6 12. Ng5 Nf8 13. Nf4 Qd7 14. Qxb4 c5 15. dxc5 e5 16. Nfe6 Nxe6 17. Nxe6 Qxe6 18. Qxb7 0-0 19. Be4 Nf6 20. 0-0-0 Kh8 21. Bd5 Qg4 22. Bb3 d5 23. h3 Qe4 24. Rhe1 e6 25. f3 Qh4 26. Kb1 Qg3 27. Re2 e4 28. c6 exf3 29. gxf3 Qxf3 30. Rde1 Ne4 31. c7 d4 32. Qb4 dxe3 33. Rxe3 Qf6 34. Bxe6 a5 35. Qb6 Nd2+ 36. Kc1 Nc4 37. Qb7 Nxe3 38. Rxe3 Bh6 39. c8Q Qf1+ 40. Kd2 Qf2+ 0-1

[Event "Hilversum op"]
[Site "Hilversum"]
[Date "2017.06.23"]
[Round "1"]
[White "Hoornstra, Hans"]
[Black "Ducarmon, Quinten"]
[Result "0-1"]
[WhiteElo "2051"]
[BlackElo "2470"]
[PlyCount "48"]
[EventDate "2017.06.23"]
[EventType "swiss"]
[EventRounds "6"]
[EventCountry "NED"]
[SourceTitle "CBM 179 Extra"]
[Source "ChessBase"]
[SourceDate "2017.08.23"]
[SourceVersion "1"]
[SourceVersionDate "2017.08.23"]
[SourceQuality "1"]

1. e4 c6 2. d4 d5 3. exd5 cxd5 4. c4 Nf6 5. Nc3 Nc6 6. Bg5 Be6 7. c5 Ne4 8. Be3 g6 9. Rc1 Bg7 10. Nf3 0-0 11. Be2 Nxc5 12. Nxd5 Qxd5 13. Rxc5 Qxa2 14. d5 Rfd8 15. Bc4 Qxb2 16. Qc1 Bc3+ 17. Kf1 Qxc1+ 18. Bxc1 Bf5 19. dxc6 Rd1+ 20. Ke2 Rxh1 21. Bh6 bxc6 22. Bxf7+ Kxf7 23. Rxc3 Bg4 24. Rxc6 Rxh2 0-1

[Event "NED-chT 1617"]
[Site "Netherlands"]
[Date "2017.05.06"]
[Round "9.3"]
[White "Ducarmon, Quinten"]
[Black "Paulet, Iozefina"]
[Result "1-0"]
[WhiteElo "2467"]
[BlackElo "2250"]
[PlyCount "61"]
[EventDate "2016.09.17"]
[EventType "team-tourn"]
[EventRounds "9"]
[EventCountry "NED"]
[SourceTitle "EXT 2018"]
[Source "ChessBase"]
[SourceDate "2017.10.13"]
[SourceVersion "1"]
[SourceVersionDate "2017.10.13"]
[SourceQuality "1"]
[WhiteTeam "Kennemer Combinatie"]
[BlackTeam "Groningen Combinatie"]
[WhiteTeamCountry "NED"]
[BlackTeamCountry "NED"]

1. e4 e6 2. d4 d5 3. Nd2 a6 4. Ngf3 Nf6 5. e5 Nfd7 6. Bd3 c5 7. c3 Nc6 8. 0-0 g5 9. Nb3 h6 10. Nxc5 Nxc5 11. dxc5 Bxc5 12. Qe2 Qc7 13. h3 Bd7 14. Re1 Be7 15. b4 Na7 16. a4 Qxc3 17. Bd2 Qc7 18. b5 a5 19. Nd4 Qd8 20. Qh5 Bc5 21. Nf5 Qb6 22. Be3 d4 23. Bxg5 exf5 24. e6 Bxe6 25. Bxf5 hxg5 26. Qxh8+ Kd7 27. Bxe6+ fxe6 28. Qxa8 Nc8 29. Rac1 Nd6 30. Qg8 Nf5 31. Rxc5 1-0

[Event "PRO League Stage"]
[Site "Chess.com INT"]
[Date "2017.02.22"]
[Round "7"]
[White "Ducarmon, Quinten"]
[Black "Bacrot, Etienne"]
[Result "0-1"]
[WhiteElo "2468"]
[BlackElo "2695"]
[PlyCount "56"]
[EventDate "2017.01.11"]
[EventType "team-swiss (rapid)"]
[EventRounds "7"]
[EventCountry "USA"]
[SourceTitle "EXT 2018"]
[Source "ChessBase"]
[SourceDate "2017.10.13"]
[SourceVersion "1"]
[SourceVersionDate "2017.10.13"]
[SourceQuality "1"]
[WhiteTeam "Amsterdam Mosquitos"]
[BlackTeam "Marseille Migraines"]
[WhiteTeamCountry "NED"]
[BlackTeamCountry "FRA"]

1. e4 e5 2. Nf3 Nc6 3. Bb5 a6 4. Ba4 Nf6 5. 0-0 Be7 6. Bxc6 dxc6 7. d3 Nd7 8. Nbd2 f6 9. Nc4 Nc5 10. d4 exd4 11. Nxd4 Nxe4 12. Re1 f5 13. f3 Nf6 14. Bf4 0-0 15. c3 Nd5 16. Bg3 Bf6 17. Na5 Kh8 18. Qd3 c5 19. Ne6 Bxe6 20. Rxe6 Qd7 21. Rae1 c6 22. Kh1 Rad8 23. c4 Nb4 24. Qb3 f4 25. Bxf4 Nd3 26. Rd6 Qf5 27. Rxd8 Bxd8 28. Bd6 Nxe1 0-1

[Event "PRO League Stage"]
[Site "Chess.com INT"]
[Date "2017.02.11"]
[Round "5"]
[White "Dominguez Perez, Leinier"]
[Black "Ducarmon, Quinten"]
[Result "1-0"]
[WhiteElo "2739"]
[BlackElo "2468"]
[PlyCount "69"]
[EventDate "2017.01.11"]
[EventType "team-swiss (rapid)"]
[EventRounds "7"]
[EventCountry "USA"]
[SourceTitle "CBM 176 Extra"]
[Source "ChessBase"]
[SourceDate "2017.03.02"]
[SourceVersion "1"]
[SourceVersionDate "2017.03.02"]
[SourceQuality "1"]
[WhiteTeam "Miami Champions"]
[BlackTeam "Amsterdam Mosquitos"]
[WhiteTeamCountry "UAE"]
[BlackTeamCountry "NED"]

1. e4 c6 2. d4 d5 3. e5 Bf5 4. Nf3 e6 5. Be2 Nd7 6. 0-0 h6 7. Nbd2 Qc7 8. Nb3 g5 9. Bd2 a5 10. a4 Ne7 11. Rc1 Bg7 12. Ne1 c5 13. c4 dxc4 14. Rxc4 b6 15. f4 Rd8 16. Nf3 Ng6 17. fxg5 hxg5 18. Bxg5 Ndxe5 19. Bxd8 Nxf3+ 20. Bxf3 Qxh2+ 21. Kf2 Kxd8 22. dxc5+ Ke7 23. Qd6+ Qxd6 24. cxd6+ Kxd6 25. Rd1+ Ke7 26. Rc7+ Kf6 27. g4 Ne5 28. gxf5 Nxf3 29. fxe6 Ng5 30. exf7 Rh2+ 31. Kg3 Rh3+ 32. Kg4 Rxb3 33. Rf1+ Kg6 34. Rc6+ Kh7 35. Rh1+ 1-0